000 00678nam a2200241Ia 4500
003 OSt
005 20221005120823.0
006 a|||||r|||| 00| 0
007 ta
008 221004b |||||||| |||| 00| 0 ara d
020 _c300
024 _a116092
037 _b04, 26/03/2007, Nadwi Publications
_cTextual
040 _aCRL
_cCRL
_bara
041 _2ara
_aara
082 _aO28:gN, K6;P4
100 _aMandoor Mohammad Au.
_9175802
245 0 _aFi al-meezanul jadeed
260 _c2004
650 _aARABIC LITERATURE
942 _hO28:gN, K6;P4
_cTEXL
_2cc
999 _c1039231
_d1039231